[Event "Wellington CC Summer Cup"]
[Site "Wellington"]
[Date "2023.02.26"]
[Round "3"]
[White "Evans, Oliver"]
[Black "Benitez, Edgar"]
[Result "0-1"]
[WhiteElo "1641"]
[BlackElo "1930"]
[PlyCount "90"]
[EventDate "2023.02.10"]
[EventType "swiss"]
[EventRounds "8"]
[EventCountry "NZL"]
[SourceTitle "EXT 2025"]
[Source "ChessBase"]
[SourceDate "2024.10.14"]
[SourceVersion "1"]
[SourceVersionDate "2024.10.14"]
[SourceQuality "1"]

1. e4 e6 2. d4 d5 3. Bd3 dxe4 4. Bxe4 Nf6 5. Bf3 c5 6. Ne2 Nc6 7. c3 Be7 8. 0-0 0-0 9. dxc5 Bxc5 10. b4 Be7 11. a4 Qc7 12. Ba3 Rd8 13. Nd2 e5 14. Qc2 Nxb4 15. Bxb4 Bxb4 16. Qb2 Be7 17. Ne4 Rb8 18. Qc2 b6 19. Nxf6+ Bxf6 20. Rad1 Ba6 21. h4 Qe7 22. c4 g6 23. Be4 Bxh4 24. g3 Bf6 25. Kg2 Rdc8 26. Bd5 Bb7 27. Bxb7 Qxb7+ 28. Rd5 Rc5 29. Rb1 Rxd5 30. cxd5 Qxd5+ 31. f3 Rd8 32. Nc3 Qd2+ 33. Qxd2 Rxd2+ 34. Kh3 Rd3 35. Ne4 Be7 36. Kg2 f5 37. Nf2 Rd2 38. Rd1 Ra2 39. Kf1 Rxa4 40. Re1 Bd6 41. Nh3 h6 42. Rd1 Rd4 43. Rc1 Bc5 44. Re1 Rd5 45. f4 e4 0-1